000 00656nam a22001937a 4500
005 20251108165028.0
008 250721s1990 xx 000 0 ara d
082 1 4 _a956.09/كير
100 1 _aكيرك، جورج
245 1 0 _aالشرق الأوسط في أعقاب الحرب العالمية الثانية :
_bالعراق - مصر - فلسطين ... /
264 _bدار واسط،
_c1990.
300 _aج
650 1 7 _aتاريخ العرب
650 1 7 _aالشرق الأوسط
700 1 _aالتريتي، سليم طه
_eترجمة
700 1 _aالتكرين، برهان عبد
_eترجمة
942 _2ddc
_cBK
999 _c20333
_d20333